Firmy a kapitálový trh

Firmy a kapitálový trh v SR. Obchodovanie na kapitálovom trhu: RM-Systém Slovakia, BCPB. Peňažné a devízové trhy. Banky a poisťovne. Investície a privatizácia. Firmy a kapitálové trhy vo svete. Komodity na svetových trhoch: diamanty, ropa a ropné produkty, zlato. Databanka.

Guardado en:
Detalles Bibliográficos
Formato: Capítulo de libro
Lenguaje:eslovaco
Materias:
Etiquetas: Agregar Etiqueta
Sin Etiquetas, Sea el primero en etiquetar este registro!

MARC

LEADER 00000naa a2200000 4500
001 r019513
005 20230921074412.8
041 0 |a slo 
044 |a SK 
245 1 0 |a Firmy a kapitálový trh 
520 |a Firmy a kapitálový trh v SR. Obchodovanie na kapitálovom trhu: RM-Systém Slovakia, BCPB. Peňažné a devízové trhy. Banky a poisťovne. Investície a privatizácia. Firmy a kapitálové trhy vo svete. Komodity na svetových trhoch: diamanty, ropa a ropné produkty, zlato. Databanka. 
610 2 0 |a Slovensko 
610 2 0 |a trh kapitálový 
610 2 0 |a RM-Systém Slovakia 
610 2 0 |a BCP Bratislava 
610 2 0 |a trh peňažný 
610 2 0 |a trh devízový 
610 2 0 |a banky 
610 2 0 |a poisťovne 
610 2 0 |a podnik 
610 2 0 |a privatizácia 
610 2 0 |a investície 
610 2 0 |a komodity 
610 2 0 |a akcie